<?xml version="1.0" encoding="UTF-8"?>
<record
    xmlns:xsi="http://www.w3.org/2001/XMLSchema-instance"
    xsi:schemaLocation="http://www.loc.gov/MARC21/slim http://www.loc.gov/standards/marcxml/schema/MARC21slim.xsd"
    xmlns="http://www.loc.gov/MARC21/slim">

  <leader>02591caa a22003012a 4500</leader>
  <controlfield tag="001">  006078</controlfield>
  <controlfield tag="003">  AR-FADEU</controlfield>
  <controlfield tag="008">  311216n########xxu####################dd</controlfield>
  <datafield tag="092" ind1=" " ind2=" ">
    <subfield code="a">302.23</subfield>
    <subfield code="b">S678-2</subfield>
  </datafield>
  <datafield tag="100" ind1=" " ind2=" ">
    <subfield code="a">Wright, Charles R</subfield>
  </datafield>
  <datafield tag="245" ind1=" " ind2=" ">
    <subfield code="a">An&#xE1;lisis funcional y comunicaci&#xF3;n de masas</subfield>
  </datafield>
  <datafield tag="300" ind1=" " ind2=" ">
    <subfield code="a">PP. 69-90</subfield>
  </datafield>
  <datafield tag="500" ind1=" " ind2=" ">
    <subfield code="a">En: Sociolog&#xED;a de la comunicaci&#xF3;n de masas : II Estructura, funciones y efectos /ed. Miguel de Moragas Sp&#xE1;. Barcelona : Gustavo Gili, 1986</subfield>
  </datafield>
  <datafield tag="942" ind1=" " ind2=" ">
    <subfield code="c">BDGR</subfield>
  </datafield>
  <datafield tag="773" ind1="0" ind2=" ">
    <subfield code="0">7312</subfield>
    <subfield code="9">5252</subfield>
    <subfield code="a"></subfield>
    <subfield code="b">2a. ed</subfield>
    <subfield code="d">Barcelona</subfield>
    <subfield code="o">12908</subfield>
    <subfield code="t">SOCIOLOGIA de la comunicaci&#xF3;n de masas</subfield>
    <subfield code="w">(  AR-FADEU)  001474</subfield>
    <subfield code="x"></subfield>
    <subfield code="z">84-252-0946-3</subfield>
  </datafield>
  <datafield tag="773" ind1="0" ind2=" ">
    <subfield code="0">7312</subfield>
    <subfield code="9">5253</subfield>
    <subfield code="a"></subfield>
    <subfield code="b">2a. ed</subfield>
    <subfield code="d">Barcelona</subfield>
    <subfield code="o">1368</subfield>
    <subfield code="t">SOCIOLOGIA de la comunicaci&#xF3;n de masas</subfield>
    <subfield code="w">(  AR-FADEU)  001474</subfield>
    <subfield code="x"></subfield>
    <subfield code="z">84-252-0946-3</subfield>
  </datafield>
  <datafield tag="773" ind1="0" ind2=" ">
    <subfield code="0">7556</subfield>
    <subfield code="9">5558</subfield>
    <subfield code="a"></subfield>
    <subfield code="b">2a. ed</subfield>
    <subfield code="d">Barcelona</subfield>
    <subfield code="o">9370</subfield>
    <subfield code="t">SOCIOLOGIA de la comunicaci&#xF3;n : I Escuelas y autores</subfield>
    <subfield code="w">(  AR-FADEU)  001718</subfield>
    <subfield code="x"></subfield>
    <subfield code="z">84-252-1226-X</subfield>
  </datafield>
  <datafield tag="773" ind1="0" ind2=" ">
    <subfield code="0">7556</subfield>
    <subfield code="9">5559</subfield>
    <subfield code="a"></subfield>
    <subfield code="b">2a. ed</subfield>
    <subfield code="d">Barcelona</subfield>
    <subfield code="o">11054</subfield>
    <subfield code="t">SOCIOLOGIA de la comunicaci&#xF3;n : I Escuelas y autores</subfield>
    <subfield code="w">(  AR-FADEU)  001718</subfield>
    <subfield code="x"></subfield>
    <subfield code="z">84-252-1226-X</subfield>
  </datafield>
  <datafield tag="773" ind1="0" ind2=" ">
    <subfield code="0">7556</subfield>
    <subfield code="9">5559</subfield>
    <subfield code="a"></subfield>
    <subfield code="b">2a. ed</subfield>
    <subfield code="d">Barcelona</subfield>
    <subfield code="o">11054</subfield>
    <subfield code="t">SOCIOLOGIA de la comunicaci&#xF3;n : I Escuelas y autores</subfield>
    <subfield code="w">(  AR-FADEU)  001718</subfield>
    <subfield code="x"></subfield>
    <subfield code="z">84-252-1226-X</subfield>
  </datafield>
  <datafield tag="773" ind1="0" ind2=" ">
    <subfield code="0">7556</subfield>
    <subfield code="9">5560</subfield>
    <subfield code="a"></subfield>
    <subfield code="b">2a. ed</subfield>
    <subfield code="d">Barcelona</subfield>
    <subfield code="o">4440</subfield>
    <subfield code="t">SOCIOLOGIA de la comunicaci&#xF3;n : I Escuelas y autores</subfield>
    <subfield code="w">(  AR-FADEU)  001718</subfield>
    <subfield code="x"></subfield>
    <subfield code="z">84-252-1226-X</subfield>
  </datafield>
  <datafield tag="773" ind1="0" ind2=" ">
    <subfield code="0">11886</subfield>
    <subfield code="9">10508</subfield>
    <subfield code="a"></subfield>
    <subfield code="b">2a. ed</subfield>
    <subfield code="d">Barcelona</subfield>
    <subfield code="o">1883</subfield>
    <subfield code="t">SOCIOLOGIA de la comunicaci&#xF3;n de masas : II Estructura, funciones y efectos</subfield>
    <subfield code="w">(  AR-FADEU)  006066</subfield>
    <subfield code="x"></subfield>
    <subfield code="z">84-252-1226-X</subfield>
  </datafield>
  <datafield tag="773" ind1="0" ind2=" ">
    <subfield code="0">11886</subfield>
    <subfield code="9">10509</subfield>
    <subfield code="a"></subfield>
    <subfield code="b">2a. ed</subfield>
    <subfield code="d">Barcelona</subfield>
    <subfield code="o">5132</subfield>
    <subfield code="t">SOCIOLOGIA de la comunicaci&#xF3;n de masas : II Estructura, funciones y efectos</subfield>
    <subfield code="w">(  AR-FADEU)  006066</subfield>
    <subfield code="x"></subfield>
    <subfield code="z">84-252-1226-X</subfield>
  </datafield>
  <datafield tag="773" ind1="0" ind2=" ">
    <subfield code="0">11886</subfield>
    <subfield code="9">10510</subfield>
    <subfield code="a"></subfield>
    <subfield code="b">2a. ed</subfield>
    <subfield code="d">Barcelona</subfield>
    <subfield code="o">9371</subfield>
    <subfield code="t">SOCIOLOGIA de la comunicaci&#xF3;n de masas : II Estructura, funciones y efectos</subfield>
    <subfield code="w">(  AR-FADEU)  006066</subfield>
    <subfield code="x"></subfield>
    <subfield code="z">84-252-1226-X</subfield>
  </datafield>
  <datafield tag="773" ind1="0" ind2=" ">
    <subfield code="0">11886</subfield>
    <subfield code="9">10511</subfield>
    <subfield code="a"></subfield>
    <subfield code="b">2a. ed</subfield>
    <subfield code="d">Barcelona</subfield>
    <subfield code="o">12902</subfield>
    <subfield code="t">SOCIOLOGIA de la comunicaci&#xF3;n de masas : II Estructura, funciones y efectos</subfield>
    <subfield code="w">(  AR-FADEU)  006066</subfield>
    <subfield code="x"></subfield>
    <subfield code="z">84-252-1226-X</subfield>
  </datafield>
  <datafield tag="773" ind1="0" ind2=" ">
    <subfield code="0">11887</subfield>
    <subfield code="9">10512</subfield>
    <subfield code="a"></subfield>
    <subfield code="b">2a. ed</subfield>
    <subfield code="d">Barcelona</subfield>
    <subfield code="o">1884</subfield>
    <subfield code="t">SOCIOLOGIA de la comunicaci&#xF3;n de masas : III Propaganda pol&#xED;tica y opini&#xF3;n p&#xFA;blica</subfield>
    <subfield code="w">(  AR-FADEU)  006067</subfield>
    <subfield code="x"></subfield>
    <subfield code="z">84-252-1226-X</subfield>
  </datafield>
  <datafield tag="773" ind1="0" ind2=" ">
    <subfield code="0">11887</subfield>
    <subfield code="9">10513</subfield>
    <subfield code="a"></subfield>
    <subfield code="b">2a. ed</subfield>
    <subfield code="d">Barcelona</subfield>
    <subfield code="o">5133</subfield>
    <subfield code="t">SOCIOLOGIA de la comunicaci&#xF3;n de masas : III Propaganda pol&#xED;tica y opini&#xF3;n p&#xFA;blica</subfield>
    <subfield code="w">(  AR-FADEU)  006067</subfield>
    <subfield code="x"></subfield>
    <subfield code="z">84-252-1226-X</subfield>
  </datafield>
  <datafield tag="773" ind1="0" ind2=" ">
    <subfield code="0">11887</subfield>
    <subfield code="9">10514</subfield>
    <subfield code="a"></subfield>
    <subfield code="b">2a. ed</subfield>
    <subfield code="d">Barcelona</subfield>
    <subfield code="o">12903</subfield>
    <subfield code="t">SOCIOLOGIA de la comunicaci&#xF3;n de masas : III Propaganda pol&#xED;tica y opini&#xF3;n p&#xFA;blica</subfield>
    <subfield code="w">(  AR-FADEU)  006067</subfield>
    <subfield code="x"></subfield>
    <subfield code="z">84-252-1226-X</subfield>
  </datafield>
  <datafield tag="999" ind1=" " ind2=" ">
    <subfield code="c">11898</subfield>
    <subfield code="d">11898</subfield>
  </datafield>
</record>
